000 00650nam a2200205 a 4500
001 000025675
005 20200930023949.0
008 081212s1982 dr a 001 0 spa d
040 _aDO-SdBNP
_bspa
_cBNPHU
082 _a101
_bA795m, 1982
100 1 _aArvelo, Tulio H.
_952435
245 1 0 _aManual de introducción a la filosofía :
_bFIL-011 /
_cTulio H. Arvelo.
250 _a8a ed.
260 _aSanto Domingo :
_bEditora Taller,
_c1982.
300 _a239 p. :
_bil. ;
_c20 cm.
590 _aInventariado, 2019/VM
650 4 _aFilosofía
_xEnseñanza
_9527
650 4 _aFilosofía
_vMANUALES
_952436
910 _aValidado. Control de calidad MFF
999 _c25167
_d25167